000 00333 a2200157 4500
001 59457
020 _a
040 _cAnchieta - Pituba
100 _aWolff, Célia
240 1 0 _aRudolph and rocky
_lIng
245 1 0 _aRudolph and rocky
300 _a31
362 0 _a1988
650 4 _aLiteratura juvenil em inglês
942 _cBK
999 _c59457
_d59457